<?xml version="1.0" encoding="UTF-8"?>
<record
    xmlns:xsi="http://www.w3.org/2001/XMLSchema-instance"
    xsi:schemaLocation="http://www.loc.gov/MARC21/slim http://www.loc.gov/standards/marcxml/schema/MARC21slim.xsd"
    xmlns="http://www.loc.gov/MARC21/slim">

  <leader>01467nam0a22003131  4500</leader>
  <controlfield tag="001">RU\INFOCOMM_317\NLR\5000025476</controlfield>
  <controlfield tag="005">20250614080648.0</controlfield>
  <datafield tag="035" ind1=" " ind2=" ">
    <subfield code="a">(NLR Aleph) 010608653</subfield>
  </datafield>
  <datafield tag="090" ind1=" " ind2=" ">
    <subfield code="a">10561996</subfield>
    <subfield code="c">10561996</subfield>
  </datafield>
  <datafield tag="100" ind1=" " ind2=" ">
    <subfield code="a">20130325d1992    |||y0rusy50      ca</subfield>
  </datafield>
  <datafield tag="101" ind1="0" ind2=" ">
    <subfield code="a">eng</subfield>
  </datafield>
  <datafield tag="102" ind1=" " ind2=" ">
    <subfield code="a">RU</subfield>
  </datafield>
  <datafield tag="105" ind1=" " ind2=" ">
    <subfield code="a">y   z||||    </subfield>
  </datafield>
  <datafield tag="200" ind1="1" ind2=" ">
    <subfield code="a">Decay of doorway states formed in the GDR through the neutron channel</subfield>
    <subfield code="e">The contents of the papers rep. at the Workshop on nuclear physics in the Sao Paulo univ., Sept. 1991, a. at the 8-th Seminar in electromagnetic interactions of nuclei at low a. medium energies, Moscow, Dec. 1991</subfield>
    <subfield code="f">B. S. Ratner</subfield>
  </datafield>
  <datafield tag="210" ind1=" " ind2=" ">
    <subfield code="a">M.</subfield>
    <subfield code="c">Inst. for nuclear research of the Russ. acad. of sciences</subfield>
    <subfield code="d">1992</subfield>
  </datafield>
  <datafield tag="215" ind1=" " ind2=" ">
    <subfield code="a">14 &#x441;.</subfield>
    <subfield code="c">&#x438;&#x43B;.</subfield>
    <subfield code="d">29 &#x441;&#x43C;</subfield>
  </datafield>
  <datafield tag="225" ind1="1" ind2=" ">
    <subfield code="a">Preprint</subfield>
    <subfield code="f">Russ. acad. of sciences, Inst. for nuclear research</subfield>
    <subfield code="v">INR-758/92</subfield>
  </datafield>
  <datafield tag="300" ind1=" " ind2=" ">
    <subfield code="a">&#x41D;&#x430; &#x43E;&#x431;&#x43E;&#x440;&#x43E;&#x442;&#x435; &#x442;&#x438;&#x442;. &#x43B;.: &#x420;&#x430;&#x441;&#x43F;&#x430;&#x434; &#x432;&#x445;&#x43E;&#x434;&#x43D;&#x44B;&#x445; &#x441;&#x43E;&#x441;&#x442;&#x43E;&#x44F;&#x43D;&#x438;&#x439;, &#x43E;&#x431;&#x440;&#x430;&#x437;&#x43E;&#x432;&#x430;&#x43D;&#x43D;&#x44B;&#x445; &#x432; &#x413;&#x414;&#x420; &#x43F;&#x43E; &#x43D;&#x435;&#x439;&#x442;&#x440;&#x43E;&#x43D;&#x43D;&#x43E;&#x43C;&#x443; &#x43A;&#x430;&#x43D;&#x430;&#x43B;&#x443; / &#x411;. &#x421;. &#x420;&#x430;&#x442;&#x43D;&#x435;&#x440;</subfield>
  </datafield>
  <datafield tag="300" ind1=" " ind2=" ">
    <subfield code="a">&#x41D;&#x430;&#x434;&#x437;&#x430;&#x433; &#x442;&#x430;&#x43A;&#x436;&#x435; &#x43D;&#x430; &#x440;&#x443;&#x441;. &#x44F;&#x437;.</subfield>
  </datafield>
  <datafield tag="320" ind1=" " ind2=" ">
    <subfield code="a">&#x411;&#x438;&#x431;&#x43B;&#x438;&#x43E;&#x433;&#x440;.: &#x441;. 14</subfield>
  </datafield>
  <datafield tag="606" ind1="0" ind2=" ">
    <subfield code="a">&#x410;&#x442;&#x43E;&#x43C;&#x43D;&#x43E;&#x435; &#x44F;&#x434;&#x440;&#x43E;</subfield>
    <subfield code="x">&#x413;&#x438;&#x433;&#x430;&#x43D;&#x442;&#x441;&#x43A;&#x438;&#x439; &#x440;&#x435;&#x437;&#x43E;&#x43D;&#x430;&#x43D;&#x441;</subfield>
    <subfield code="2">nlr_sh1</subfield>
  </datafield>
  <datafield tag="620" ind1=" " ind2=" ">
    <subfield code="a">&#x41C;&#x43E;&#x441;&#x43A;&#x432;&#x430;</subfield>
  </datafield>
  <datafield tag="686" ind1=" " ind2=" ">
    <subfield code="a">&#x412;383.5</subfield>
    <subfield code="2">rubbk</subfield>
  </datafield>
  <datafield tag="700" ind1=" " ind2="1">
    <subfield code="a">Ratner</subfield>
    <subfield code="b">B. S.</subfield>
    <subfield code="g">Boris Semenovi&#x10D;</subfield>
  </datafield>
  <datafield tag="801" ind1=" " ind2="1">
    <subfield code="a">RU</subfield>
    <subfield code="b">Infocomm</subfield>
    <subfield code="c">20130325</subfield>
  </datafield>
  <datafield tag="801" ind1=" " ind2="0">
    <subfield code="a">RU</subfield>
    <subfield code="b">INFOCOMM</subfield>
    <subfield code="g">PSBO</subfield>
  </datafield>
  <datafield tag="852" ind1=" " ind2=" ">
    <subfield code="a">NLR</subfield>
    <subfield code="j">&#x424;&#x437;01 &#x414;-8/712</subfield>
  </datafield>
  <datafield tag="942" ind1=" " ind2=" ">
    <subfield code="c">BOOK</subfield>
  </datafield>
  <datafield tag="980" ind1=" " ind2=" ">
    <subfield code="a">NB</subfield>
  </datafield>
</record>
